00257nam a2200109Ia 4500008004100000041000800041082001600049100003000065245001600095260002900111365000700140230303s9999 xx 000 0 und d aeng a005.133 GRA aGRACE (RICH) PARKER (TIM) aLinux to go aNEW YORKbADDISON WileyH cRS